000 00682mam a2200253 a 4500
001 3120336
003 ARRUPE
005 20131127144559.0
008 011029s2000 iv 000 f fre c
020 _z284487333
035 _a(OCoLC)ocm48228833
035 _a(NNC)3120336
040 _aZCU
_cZCU
042 _apcc
050 4 _aPR9372.9P4
_bM3 2000
100 1 _aPeh, Grâce-Emmanuelle.
_94279
245 1 0 _aMaudit soit le jour-- /
_cGrâce-Emmaneulle Peh.
260 _aAbidjan :
_bNouvelles Editions Ivoiriennes,
_cc2000.
300 _a144 p. ;
_c18 cm.
490 1 _aPlaisir de lire
830 0 _aPlaisir de lire.
_94280
942 _2lcc
_cMONOGRAPH
999 _c118801
_d118801